000 00997cam a2200229 4500
001 WB3741-07
008 011031n2001 000 0 eng u
035 _a(Sirsi) u115409
245 _aEnvironmental challenges
260 _c2001
490 _aDEFRA News Release
_v(187) 24 October 2001, (6)
520 _aThe Environment, Food and Rural Affairs Secretary has outlined the key challenges that lie ahead to improve people's quality of life and make the world a better place to live. Giving details of the key challenges, which include climate change and waste and environmental efficiency, MargaretBeckett warned of the need for positive international co-operation if these are to be tackled effectively.
590 _aWB
650 _aINTERNATIONAL COOPERATION
650 _aENVIRONMENTAL ISSUES
650 _aDEFRA
650 _aENVIRONMENT POLICY
650 _aCLIMATE CHANGE
650 _aSUSTAINABLE DEVELOPMENT
690 _aENVIRONMENTAL AND LAND CONSULTANCY
942 _n0
999 _c68728
_d68728